000 00440nam a2200181Ia 4500
001 7824
005 20260306160523.0
008 260306t2014||||xx |||||||||||||| ||spa||
041 _aESP
082 _a362.404
_bG67
100 _aGonzález Castellanos, Raúl
_eAUT
245 0 _aSexualidad y discapacidad psíquica
260 _c2014
300 _a224 páginas :
_c22 cm.
650 _aGEN
654 _aCPS
942 _cLIB
_dJUS
_fJUS
_2ddc
_n
999 _c7824
_d7824